Catálogo

La invención de América : (Registro nro. 66290)

Detalles MARC
000 -LEADER
fixed length control field 00831nam a2200229 u 4500
001 - CONTROL NUMBER
control field 66290
005 - DATE AND TIME OF LATEST TRANSACTION
control field 20180714074012.0
008 - FIXED-LENGTH DATA ELEMENTS--GENERAL INFORMATION
fixed length control field 161005s2006 mx a r 000 0 spa d
020 ## - INTERNATIONAL STANDARD BOOK NUMBER
International Standard Book Number 9789681680152
041 ## - LANGUAGE CODE
Language code of text/sound track or separate title spa
082 0# - DEWEY DECIMAL CLASSIFICATION NUMBER
Classification number 973.1
Item number OGO
100 1# - MAIN ENTRY--PERSONAL NAME
Personal name O´Gorman, Edmundo
Relator term autor
245 13 - TITLE STATEMENT
Title La invención de América :
Remainder of title investigación acerca de la estructura histórica del nuevo mundo y del sentido de su devenir /
Statement of responsibility, etc. Edmundo OGorman.
250 ## - EDITION STATEMENT
Edition statement Cuarta edición
264 #1 - PRODUCTION, PUBLICATION, DISTRIBUTION, MANUFACTURE, AND COPYRIGHT NOTICE
Place of production, publication, distribution, manufacture México :
Name of producer, publisher, distributor, manufacturer Fondo de Cultura Económica,
Date of production, publication, distribution, manufacture, or copyright notice 2006
300 ## - PHYSICAL DESCRIPTION
Extent 259 páginas :
Other physical details ilustraciones ;
Dimensions 17 cm.
336 ## - CONTENT TYPE
Content type term texto
Source rdacontent
337 ## - MEDIA TYPE
Media type term sin mediación
Source rdamedia
338 ## - CARRIER TYPE
Carrier type term volumen
Source rdacarrier
490 0# - SERIES STATEMENT
Series statement Colección biblioteca universitaria de bolsillo
650 #4 - SUBJECT ADDED ENTRY--TOPICAL TERM
Topical term or geographic name entry element América
General subdivision Historia
-- Descubrimiento
Existencias
Withdrawn status Lost status Source of classification or shelving scheme Damaged status Not for loan Collection code Home library Current library Shelving location Date acquired Source of acquisition Inventory number Total Checkouts Full call number Barcode Date last seen Price effective from Koha item type
    Dewey Decimal Classification     General Biblioteca Karol Wojtyla Biblioteca Karol Wojtyla Sala general 05/10/2016 Compra 151000000000000000038333   973.1 OGO 2006 94746 05/01/2026 17/10/2016 Libro